Normal view
MARC view
- Chapman & Hall
Entry Personal Name
001 - CONTROL NUMBER
- control field: 54970
003 - CONTROL NUMBER IDENTIFIER
- control field: NUST
005 - DATE AND TIME OF LATEST TRANSACTION
- control field: 20210421120116.0
008 - FIXED-LENGTH DATA ELEMENTS
- fixed length control field: 210421|| aca||aabn | a|a d
040 ## - CATALOGING SOURCE
- Original cataloging agency: NUST
- Transcribing agency: NUST
100 ## - HEADING--PERSONAL NAME
- Personal name: Chapman & Hall
670 ## - SOURCE DATA FOUND
- Source citation: Work cat.: (NUST): Chapman & Hall, Narrow-Gap-II-VI Compounds For Optoelectronic And Electromagnetic Applications, 1997
